Electromagnetismo
| Main Authors: | , |
|---|---|
| Format: | Section = Libro |
| Language: | Undetermined Spanish |
| Published: |
México
Limusa
1979
|
| Subjects: |
| LEADER | 00610nam a2200229Ia 4500 | ||
|---|---|---|---|
| 008 | 241007s9999||||xx |||||||||||||| ||und|| | ||
| 020 | |a 968-18-0131-8 | ||
| 040 | |a BIBLIOTECA-RURC/ 537 G761 | ||
| 041 | |a spa | ||
| 082 | |a 537 G761 | ||
| 100 | 1 | |a Grant, I.S | |
| 100 | 1 | |b Phillips, W.R. | |
| 245 | 1 | 0 | |a Electromagnetismo |
| 260 | |a México |b Limusa |c 1979 | ||
| 300 | |a 579 p. :il. | ||
| 650 | 7 | |a FUERZA Y ENERGÍA ELECTROSTÁTICA | |
| 650 | 7 | |b DIELÉCTRICOS | |
| 650 | 7 | |c CALCULOS ELECTROSTÁTICOS | |
| 650 | 7 | |d CORRIENTE UNIFORMES Y CAMPOS MAGNÉTICOS | |
| 942 | |c BK |2 ddc | ||
| 991 | |a TEXTO | ||
| 999 | |c 14412 | ||